00402nam a2200133 i 450000100060000000300090000600700030001500800410001810000220005924500610008126000300014250000720017285200240024448450ES-MaACLt|030820s1885 xxk ||||1| eng d1 aDavidson, Thomas.12aA few remarks on the brachiopodo / cby Thomas Davidson. a[London : bs.n., c1855] aFrom the Annals and Magazine of Natural History, for december 1855. aES-MaACLjT-908-F-6